| 000 | 00613nam a2200181 i 4500 | ||
|---|---|---|---|
| 001 | 83576 | ||
| 003 | ES-MaACL | ||
| 005 | 20230906174844.0 | ||
| 007 | t| | ||
| 008 | 041117s1931 sp ||||1| spa d | ||
| 100 | 1 |
_aIsaachsen, Haakon. _965512 |
|
| 245 | 1 | 0 |
_aInfluencia de los factores vitamínicos en la alimentación / _cHaakon Isaachsen. |
| 260 |
_aMadrid : _bZoila Ascasibar, _c1931. |
||
| 300 |
_a76 p. ; _c24 cm. |
||
| 500 | _aPrecede al tít.: Asociación General de Ganaderos. Concurso de Memorias, 1930. | ||
| 710 | 2 |
_aAsociación General de Ganaderos (España) _91713 |
|
| 852 |
_aES-MaACL _j1753-F-20 |
||
| 999 |
_c83576 _d83576 |
||